000 00890nam a2200265 a 4500
001 000020832
005 20240412074249.0
008 100818s2008 dr ac r 001 p spa d
020 _a9789945161786
040 _aDO-SdBNP
_bspa
_cBNPHU
082 _aRD861.44
_bJ61caí
100 1 _aJiménez, Miguel Antonio,
_d1955-
_921801
245 1 0 _aCaída agonizante 1984-2008 /
_cMiguel Antonio Jiménez.
260 _aSanto Domingo :
_bBúho,
_c2008.
300 _a287 p. :
_bil., retrs. ;
_c22 cm.
490 1 _aHorizonte
_v1
490 1 _aTaller Literario César Vallejo
500 _aIncluye datos biográficos del autor en las solapas.
590 _aInventariado, 2018/BT
650 0 _aPoesía dominicana
_966
650 0 _aLiteratura dominicana.
_967
830 0 _aTaller Literario César Vallejo
_943665
830 0 _aHorizonte
_n1
_943666
910 _aValidado. Control de calidad. MFF
999 _c20336
_d20336